[Event "Me Old Dutch"]
[Site "SchemingMind.com"]
[Date "2011.09.25"]
[Round "-"]
[White "jtrochez1"]
[Black "cnile"]
[Result "0-1"]
[WhiteCountry "HON"]
[BlackCountry "SCO"]
[WhiteElo "1626"]
[WhiteRD "49"]
[BlackElo "1471"]
[BlackRD "65"]
[GameID "293823"]

1. d4 f5 2. Nf3 Nf6 3. Bg5 e6 4. Nbd2 Be7 5. Bxf6 Bxf6 6. c3 d6 7. e4 fxe4 8. Nxe4 O-O 9. Be2 Nd7 10. d5 e5
11. O-O Nc5 12. Nxc5 dxc5 13. h3 Bd7 14. Qb3 Qe8 15. a4 b6 16. Bb5 Bxb5 17. axb5 Qd7 18. Rad1 Rfd8 19. c4 Rf8 20. Rfe1 Qd6
21. Qc2 Rae8 22. Re4 Qd8 23. Qd3 Qd7 24. Nh2 Qf5 25. Qf3 Qd7 26. Qg4 Qxg4 27. Nxg4 Kf7 28. Nxf6 Kxf6 29. Rd3 Kf5 30. Rde3 Rf6
31. g4+ Kg6 32. Kg2 Ref8 33. f3 Rf4 34. Rxf4 exf4 35. Re6+ Rf6 36. Rxf6+ Kxf6 37. h4 Ke5 38. b3 Kd4 39. Kf2 Kd3 40. Kg2 Ke2
41. g5 g6 42. Kh3 Kxf3 43. h5 Ke2 44. Kg2 f3+
0-1

[Event "Me Old Dutch"]
[Site "SchemingMind.com"]
[Date "2011.09.25"]
[Round "-"]
[White "cnile"]
[Black "jtrochez1"]
[Result "0-1"]
[WhiteCountry "SCO"]
[BlackCountry "HON"]
[WhiteElo "1446"]
[WhiteRD "61"]
[BlackElo "1625"]
[BlackRD "51"]
[GameID "293824"]

1. d4 f5 2. g3 Nf6 3. Bg2 d5 4. Nc3 e6 5. Nf3 Ne4 6. Bd2 Nxd2 7. Nxd2 Bd7 8. O-O h5 9. Re1 Bc6 10. Nf3 Bd6
11. Ng5 Qd7 12. e3 Be7 13. Bf3 Bxg5 14. Ne2 g6 15. Nc3 Qd6 16. Ne2 Bh6 17. Nf4 Bxf4 18. exf4 Nd7 19. Re3 O-O-O 20. a4 Nb6
21. Rb3 Bxa4 22. Rba3 a6 23. Qd3 Bb5 24. Qc3 Nc4 25. R3a2 h4 26. Be2 hxg3 27. fxg3 Qb6 28. b3 Nd6 29. Bxb5 Qxb5 30. Qe3 Ne4
31. c4 dxc4 32. bxc4 Qxc4 33. Ra4 Qc6 34. d5 exd5 35. Ra5 d4 36. Qb3 Nxg3 37. hxg3 Qh1+ 38. Kf2 Rh2#
0-1

[Event "Me Old Dutch"]
[Site "SchemingMind.com"]
[Date "2011.09.27"]
[Round "-"]
[White "Olli Ylönen"]
[Black "jtrochez1"]
[Result "1-0"]
[WhiteCountry "FIN"]
[BlackCountry "HON"]
[WhiteElo "1778"]
[WhiteRD "48"]
[BlackElo "1606"]
[BlackRD "54"]
[GameID "293944"]

1. d4 f5 2. c4 d5 3. cxd5 Qxd5 4. Nc3 Qd8 5. Nf3 Bd7 6. e4 h6 7. e5 e6 8. Be3 Be7 9. Bd3 Bc6 10. O-O g5
11. Qb3 Qd7 12. Bc4 Bxf3 13. gxf3 Qc6 14. Bb5
1-0

[Event "Me Old Dutch"]
[Site "SchemingMind.com"]
[Date "2011.10.01"]
[Round "-"]
[White "Olli Ylönen"]
[Black "cnile"]
[Result "1-0"]
[WhiteCountry "FIN"]
[BlackCountry "SCO"]
[WhiteElo "1778"]
[WhiteRD "48"]
[BlackElo "1504"]
[BlackRD "59"]
[GameID "293945"]

1. d4 f5 2. c4 Nf6 3. Nc3 b6 4. Nf3 Bb7 5. g3 d5 6. Bg2 Nbd7 7. cxd5 Nxd5 8. Qb3 g6 9. Nxd5 Bg7 10. O-O e6
11. Nf4 Qe7 12. Qxe6 Bxf3 13. Qxe7+ Kxe7 14. Bxf3 Rae8 15. e3 Kd8 16. b4 c5 17. Rb1 cxd4 18. exd4 Bxd4 19. Rd1 Bc3 20. Bc6 Re1+
21. Rxe1 Bxe1 22. Bb2 Bxb4 23. Bxh8
1-0

[Event "Me Old Dutch"]
[Site "SchemingMind.com"]
[Date "2011.09.27"]
[Round "-"]
[White "jtrochez1"]
[Black "Olli Ylönen"]
[Result "1/2-1/2"]
[WhiteCountry "HON"]
[BlackCountry "FIN"]
[WhiteElo "1625"]
[WhiteRD "51"]
[BlackElo "1768"]
[BlackRD "52"]
[GameID "293946"]

1. d4 f5 2. Nf3 Nf6 3. Bg5 e6 4. e3 Be7 5. Nc3 O-O 6. Bd3 d5 7. a3 c6 8. b4 Nbd7 9. Bxf6 Nxf6 10. Ne5 Ng4
11. O-O Nxe5 12. dxe5 Qc7 13. f4 Qb6 14. Rf3 d4 15. Na4 Qd8 16. exd4 b5 17. Nc5 Qxd4+ 18. Kh1 Bxc5 19. bxc5 Qxc5 20. Qd2 Qd4
21. c3 Qd5 22. Qe2 Rd8 23. a4 Ba6 24. a5 c5 25. Bxb5 Bxb5 26. Qxb5 Rab8 27. Qe2 Rb2 28. Qf1 Rd2 29. h3 Rd1 30. Rxd1 Qxd1
31. Qxd1 Rxd1+ 32. Kh2 Ra1 33. g4 fxg4 34. hxg4 Rxa5 35. c4 Ra4 36. Rc3 a5 37. Kg2 Ra2+ 38. Kf3 a4 39. g5 a3 40. Rc1 Rb2
41. Ra1 a2 42. Ke3 Kf7 43. Kd3 h6 44. gxh6 gxh6 45. Kc3 Rf2 46. Kb3 h5 47. Rh1 Rxf4 48. Kxa2 Rxc4 49. Rxh5 Rb4 50. Ka3 Rb8
51. Rh4 Ke7 52. Rh7+ Kd8 53. Rh8+ Kc7 54. Rxb8 Kxb8 55. Ka4 c4 56. Kb4 c3 57. Kxc3 Kc7 58. Kd4 Kc6 59. Kc4 Kd7 60. Kc5 Kc7
61. Kb5 Kd7 62. Kc5 Kc7 63. Kb5 Kd7 64. Kc5
1/2-1/2

[Event "Me Old Dutch"]
[Site "SchemingMind.com"]
[Date "2011.09.26"]
[Round "-"]
[White "cnile"]
[Black "Olli Ylönen"]
[Result "1-0"]
[WhiteCountry "SCO"]
[BlackCountry "FIN"]
[WhiteElo "1504"]
[WhiteRD "59"]
[BlackElo "1778"]
[BlackRD "48"]
[GameID "293947"]

1. d4 f5 2. g3 Nf6 3. Bg2 g6 4. c4 Bg7 5. Nc3 d6 6. Nf3 O-O 7. O-O Nc6 8. Bf4 Nh5 9. Be3 f4 10. gxf4 Nxf4
11. Rc1 Nxg2 12. Kxg2 e5 13. dxe5 Bxe5 14. Nxe5 Nxe5 15. Qd5+ Kg7 16. Bd4 Qg5+ 17. Kh1 Bf5 18. f4 c6 19. Qxd6
1-0

[Event "Me Old Dutch"]
[Site "SchemingMind.com"]
[Date "2011.09.27"]
[Round "-"]
[White "D O Vaughan"]
[Black "jtrochez1"]
[Result "1-0"]
[WhiteCountry "WLS"]
[BlackCountry "HON"]
[WhiteElo "2000"]
[WhiteRD "87"]
[BlackElo "1606"]
[BlackRD "54"]
[GameID "293951"]

1. d4 f5 2. g3 d5 3. Bg2 Nc6 4. Nf3 e6 5. O-O Be7 6. b3 h6 7. c4 Bf6 8. Bb2 Nge7 9. e3 Ng6 10. Nc3 Nce7
11. Ne2 Bd7 12. h4 h5 13. Qc2 c6 14. Rac1 Rc8 15. Qb1 Ng8 16. Qa1 N8e7 17. Ne5 Bxe5 18. dxe5 Nf8 19. f4 b6 20. Rfd1 Rg8
21. Ba3 c5 22. Nc3 Bc6 23. b4 Qc7 24. cxd5 exd5 25. Nxd5 Nxd5 26. Bxd5 Bxd5 27. Rxd5 Ne6 28. bxc5 bxc5 29. Qc3 Kf7 30. Qc4 Kg6
31. Rd6 Rge8 32. Rxe6+ Kh7 33. Rxe8 Rxe8 34. Qxc5 Qxc5 35. Rxc5 Re6 36. Bb4 a6 37. Kf2 Rb6 38. a3 Re6 39. e4 fxe4 40. f5 Rb6
41. Ke3 a5 42. Rxa5 Rc6 43. Rc5 Ra6 44. Kxe4
1-0

[Event "Me Old Dutch"]
[Site "SchemingMind.com"]
[Date "2011.10.01"]
[Round "-"]
[White "D O Vaughan"]
[Black "cnile"]
[Result "1-0"]
[WhiteCountry "WLS"]
[BlackCountry "SCO"]
[WhiteElo "2000"]
[WhiteRD "87"]
[BlackElo "1504"]
[BlackRD "59"]
[GameID "293952"]

1. d4 f5 2. c4 Nf6 3. Nc3 e6 4. e3 Be7 5. Bd3 O-O 6. Nf3 b6 7. Qc2 Bb7 8. Bd2 Nc6 9. a3 Re8 10. O-O d5
11. cxd5 Nxd5 12. Nxd5 exd5 13. Bxf5 Bd6 14. Bxh7+ Kh8 15. Qg6 Bc8 16. Qh5 Rf8 17. Bg6+ Kg8 18. Qh7#
1-0

[Event "Me Old Dutch"]
[Site "SchemingMind.com"]
[Date "2011.09.27"]
[Round "-"]
[White "D O Vaughan"]
[Black "Olli Ylönen"]
[Result "1-0"]
[WhiteCountry "WLS"]
[BlackCountry "FIN"]
[WhiteElo "2000"]
[WhiteRD "87"]
[BlackElo "1778"]
[BlackRD "48"]
[GameID "293953"]

1. d4 f5 2. e4 fxe4 3. Nc3 Nf6 4. Bg5 Nc6 5. f3 d5 6. fxe4 Nxe4 7. Nxe4 dxe4 8. d5 Nb4 9. Bc4 c6 10. dxc6 Qxd1+
11. Rxd1 bxc6 12. Rd2 Bf5 13. Kd1 h6 14. Be3 e5 15. a3 Nd5 16. Bxd5 cxd5 17. Rxd5 Rd8 18. Rxd8+ Kxd8 19. Bxa7 g5 20. Ne2 Bg4
21. h3 Bxe2+ 22. Kxe2 Kd7 23. Ke3
1-0

[Event "Me Old Dutch"]
[Site "SchemingMind.com"]
[Date "2011.09.27"]
[Round "-"]
[White "jtrochez1"]
[Black "D O Vaughan"]
[Result "0-1"]
[WhiteCountry "HON"]
[BlackCountry "WLS"]
[WhiteElo "1571"]
[WhiteRD "53"]
[BlackElo "1911"]
[BlackRD "100"]
[GameID "293954"]

1. d4 f5 2. Bf4 Nf6 3. Nc3 e6 4. Bg5 Be7 5. e3 O-O 6. h3 d5 7. a3 c6 8. b4 Nbd7 9. Bf4 a5 10. Na2 Ne4
11. Nf3 Ndf6 12. c4 axb4 13. axb4 Rxa2 14. Rxa2 Bxb4+ 15. Nd2 Nc3 16. Qc2 Nxa2 17. Qxa2 Ne4 18. Ke2 Nc3+
0-1

[Event "Me Old Dutch"]
[Site "SchemingMind.com"]
[Date "2011.09.29"]
[Round "-"]
[White "cnile"]
[Black "D O Vaughan"]
[Result "0-1"]
[WhiteCountry "SCO"]
[BlackCountry "WLS"]
[WhiteElo "1504"]
[WhiteRD "59"]
[BlackElo "2000"]
[BlackRD "87"]
[GameID "293955"]

1. d4 f5 2. Bg5 Nf6 3. g3 Ne4 4. Bf4 e6 5. Bg2 Be7 6. Nd2 Ng5 7. c3 c6 8. Ngf3 Nxf3+ 9. Nxf3 d6 10. O-O Nd7
11. Qb3 Nf6 12. Rad1 O-O 13. Ng5 Nd5 14. Nf3 Nxf4 15. gxf4 Qe8 16. Rfe1 Qg6 17. Kh1 Rf6 18. Rg1 Qh5 19. Rd3 Rh6 20. Bf1 b6
21. Qa3 Bb7 22. Rg2 c5 23. dxc5 bxc5 24. Qb3 Be4 25. Ng5 Qxh2#
0-1

[Event "Me Old Dutch"]
[Site "SchemingMind.com"]
[Date "2011.09.27"]
[Round "-"]
[White "Olli Ylönen"]
[Black "D O Vaughan"]
[Result "0-1"]
[WhiteCountry "FIN"]
[BlackCountry "WLS"]
[WhiteElo "1778"]
[WhiteRD "48"]
[BlackElo "2000"]
[BlackRD "87"]
[GameID "293956"]

1. d4 f5 2. g3 e6 3. Bg2 Nf6 4. Nf3 Be7 5. O-O O-O 6. c4 d6 7. Nc3 Qe8 8. Re1 Qg6 9. e4 Nxe4 10. Nxe4 fxe4
11. Rxe4 Nc6 12. Qe2 Bf6 13. Bd2 e5 14. dxe5 Nxe5 15. Nxe5 Bxe5 16. Bc3 Bxc3 17. bxc3 Bd7 18. Re7 Rae8 19. Bd5+ Kh8 20. Bxb7 c6
21. Rxe8 Qxe8 22. Qxe8 Rxe8 23. f4 Rb8 24. Rb1 Bc8 25. Re1 Bxb7 26. Re6 d5 27. cxd5 cxd5 28. Kf2 Kg8 29. Ke3 Kf7 30. Re5 Rc8
31. Kd4 Rc4+
0-1

[Event "Me Old Dutch"]
[Site "SchemingMind.com"]
[Date "2011.09.28"]
[Round "-"]
[White "MCMLVII"]
[Black "D O Vaughan"]
[Result "0-1"]
[WhiteCountry "ENG"]
[BlackCountry "WLS"]
[WhiteElo "999"]
[WhiteRD "146"]
[BlackElo "2006"]
[BlackRD "84"]
[GameID "294090"]

1. d4 f5 2. e3 Nf6 3. Bc4 e6 4. Nc3 d5 5. Bb3 Nbd7 6. Nf3 c6 7. O-O Bd6 8. Bd2 O-O 9. Qe2 Qe8 10. Nh4 g5
11. Nf3 Qh5 12. Ne5 Qxe2 13. Nxe2 Nxe5 14. a4 Ng6 15. c4 Bd7 16. c5 Bc7 17. a5 a6 18. Bd1 Rae8 19. b4 Re7 20. Ng3 Ne4
0-1

[Event "Me Old Dutch"]
[Site "SchemingMind.com"]
[Date "2011.09.28"]
[Round "-"]
[White "D O Vaughan"]
[Black "MCMLVII"]
[Result "1-0"]
[WhiteCountry "WLS"]
[BlackCountry "ENG"]
[WhiteElo "2000"]
[WhiteRD "87"]
[BlackElo "1020"]
[BlackRD "150"]
[GameID "294094"]

1. d4 f5 2. g3 d5 3. Bg2 e6 4. Nh3 Nf6 5. O-O Nc6 6. b3 Bb4 7. Bb2 Qd6 8. c4 dxc4 9. bxc4 Bd7 10. e3 Ng4
11. Nf4 O-O-O 12. c5 Qe7 13. a3 Ba5 14. Qa4 Nce5 15. Qxa5 Nc4 16. Qxa7 Bc6 17. Bxc6 bxc6 18. Qa6+
1-0

[Event "Me Old Dutch"]
[Site "SchemingMind.com"]
[Date "2011.10.01"]
[Round "-"]
[White "nammy"]
[Black "jtrochez1"]
[Result "0-1"]
[WhiteCountry "ENG"]
[BlackCountry "HON"]
[WhiteElo "932"]
[WhiteRD "55"]
[BlackElo "1606"]
[BlackRD "54"]
[GameID "294360"]

1. d4 f5 2. g3 d5 3. c3 c6 4. Be3 Nf6 5. Nd2 h6 6. Qc2 e6 7. Ndf3 Ng8 8. O-O-O Nd7 9. h3 c5 10. a3 c4
11. a4 Be7 12. Bf4 g5 13. Be3 Bf6 14. Qb1 Qa5 15. Re1 Qxa4 16. h4 g4 17. Nh2 h5 18. f3 Ne7 19. Bg2 b5 20. Bf4 a5
21. e3 b4 22. Nf1 bxc3 23. bxc3 Qb3 24. Qa1 a4 25. Nh2 a3 26. Ne2 e5 27. dxe5 Nxe5 28. Nd4 Qb2+ 29. Qxb2 axb2+ 30. Kxb2 Nd3+
31. Kc2 Nxe1+ 32. Rxe1 Ra2+ 33. Kb1 Rxg2 34. Rh1 O-O 35. Bh6 Re8 36. Nb3 cxb3 37. Bf4 Be6 38. Nf1 Bxc3 39. Bg5 f4 40. Bxf4 Bf5+
41. Kc1 Rc2+ 42. Kd1 b2 43. Bg5 b1=Q#
0-1

[Event "Me Old Dutch"]
[Site "SchemingMind.com"]
[Date "2011.10.05"]
[Round "-"]
[White "nammy"]
[Black "cnile"]
[Result "0-1"]
[WhiteCountry "ENG"]
[BlackCountry "SCO"]
[WhiteElo "1030"]
[WhiteRD "55"]
[BlackElo "1446"]
[BlackRD "61"]
[GameID "294361"]

1. d4 f5 2. g3 Nf6 3. f3 c6 4. Bh3 e6 5. e3 Be7 6. Ne2 d6 7. c3 Nbd7 8. c4 Nf8 9. Bd2 Bd7 10. Nbc3 Ng6
11. Qc2 Qb6 12. Na4 Qc7 13. b3 Rc8 14. O-O h5 15. Be1 e5 16. Bc3 exd4 17. exd4 d5 18. f4 Ne4 19. Bb2 Be6 20. a3 h4
21. Qd3 hxg3 22. hxg3 Rxh3 23. c5 Kf7 24. Kg2 Rch8 25. Ng1 Rxg3+ 26. Qxg3 Nxg3 27. Kxg3 Bh4+ 28. Kf3 Qxf4+ 29. Ke2 Qe4+ 30. Kd2 Bf6
31. Bc3 Rh2+ 32. Kc1 Qc2#
0-1

[Event "Me Old Dutch"]
[Site "SchemingMind.com"]
[Date "2011.10.01"]
[Round "-"]
[White "nammy"]
[Black "Olli Ylönen"]
[Result "0-1"]
[WhiteCountry "ENG"]
[BlackCountry "FIN"]
[WhiteElo "932"]
[WhiteRD "55"]
[BlackElo "1778"]
[BlackRD "48"]
[GameID "294362"]

1. d4 f5 2. e3 Nf6 3. f3 e6 4. b3 Be7 5. h3 d5 6. Na3 Bb4+ 7. Kf2 c5 8. Nb1 O-O 9. a3 Qa5 10. Ne2 cxd4
11. a4 dxe3+ 12. Bxe3 b5 13. g3 e5 14. Rg1 d4 15. Bc1 Bc3 16. Ra2 bxa4 17. g4 fxg4 18. hxg4 Nxg4+ 19. Kg2 Ne3+ 20. Bxe3 dxe3
21. Nexc3 Bb7 22. Bd3 Bxf3+ 23. Qxf3 Rxf3 24. Kxf3 Nc6 25. Kxe3 Qc5+ 26. Kd2 axb3 27. cxb3 Qxg1 28. Ra6 Nd4 29. Bc4+ Kh8 30. Na3 Qf2+
31. Kd3 Rd8 32. Rxa7 Nc6+ 33. Nd5 Qxa7 34. Nb5 Qa1 35. Ke4 Qh1+ 36. Kf5 Rxd5 37. Nc3 Nd4+ 38. Kg5 Qc1+ 39. Kh4 Qxc3 40. Bxd5 Nxb3
41. Be6 e4 42. Bf5 e3 43. Kg3 e2+ 44. Kf2 Qd2 45. Be6 e1=Q+ 46. Kf3 Qde3+ 47. Kg2 Q1g1#
0-1

[Event "Me Old Dutch"]
[Site "SchemingMind.com"]
[Date "2011.09.30"]
[Round "-"]
[White "nammy"]
[Black "D O Vaughan"]
[Result "0-1"]
[WhiteCountry "ENG"]
[BlackCountry "WLS"]
[WhiteElo "944"]
[WhiteRD "53"]
[BlackElo "1911"]
[BlackRD "100"]
[GameID "294363"]

1. d4 f5 2. g3 e6 3. e3 Nf6 4. f3 b6 5. b3 Bb7 6. Ne2 Bxf3 7. Rg1 Bd6 8. Qd2 Nc6 9. Nec3 O-O 10. Qf2 Bh5
11. h3 a6 12. Bg2 Qe7 13. Bd2 Rae8 14. a3 Nd8 15. a4 Nf7 16. Na2 Ng5 17. Nac3 Nfe4 18. Qf1 Bxg3+ 19. Qf2 Bxf2+ 20. Kf1 Bxg1
21. Kxg1 Nxh3+ 22. Bxh3 Qh4 23. Bc1 Qf2+ 24. Kh1 Ng3#
0-1

[Event "Me Old Dutch"]
[Site "SchemingMind.com"]
[Date "2011.10.01"]
[Round "-"]
[White "nammy"]
[Black "MCMLVII"]
[Result "1-0"]
[WhiteCountry "ENG"]
[BlackCountry "ENG"]
[WhiteElo "932"]
[WhiteRD "55"]
[BlackElo "1020"]
[BlackRD "150"]
[GameID "294364"]

1. d4 f5 2. e3 e6 3. Nf3 Nc6 4. b3 Qf6 5. c3 d5 6. h4 h5 7. Nbd2 Bd7 8. Bd3 O-O-O 9. Bb2 Kb8 10. b4 Ka8
11. Qc2 Bd6 12. O-O-O
1-0

[Event "Me Old Dutch"]
[Site "SchemingMind.com"]
[Date "2011.10.01"]
[Round "-"]
[White "jtrochez1"]
[Black "nammy"]
[Result "1-0"]
[WhiteCountry "HON"]
[BlackCountry "ENG"]
[WhiteElo "1625"]
[WhiteRD "51"]
[BlackElo "1030"]
[BlackRD "55"]
[GameID "294365"]

1. d4 f5 2. Nf3 h6 3. e3 Nc6 4. Bc4 Na5 5. Bxg8 Rxg8 6. Bd2 Nc4 7. Bc3 e6 8. Nbd2 Nb6 9. b3 d6 10. Qe2 Nd5
11. Bb2 Nf6 12. Rd1 c6 13. Nc4 d5 14. Nce5 Be7 15. Nd2 h5 16. O-O g6 17. c4 Rf8 18. Nxg6 Rg8 19. Nf4 Bd7 20. Nxh5 Nh7
21. Nf4 Kf8 22. Qh5 Nf6 23. Ng6+ Ke8 24. Qh6 Ng4 25. Qh7 Nf6 26. Qxe7+ Qxe7 27. Nxe7 Kxe7 28. c5 Nh5 29. f4 Nf6 30. Nf3 b6
31. b4 Rh8 32. a4 Ng4 33. Bc1 a6 34. cxb6 Rab8 35. a5 Kf8 36. h3 Nf6 37. Ng5 Be8 38. Nxe6+ Ke7 39. Ng5 Nd7 40. Ba3 Nf6
41. b5+ Kd7 42. bxc6+ Kxc6 43. Rc1+ Kb5 44. Ne6 Kxa5 45. Bc5 Bf7 46. Ra1+ Kb5 47. Rfb1+ Kc6 48. Nc7 Nh5 49. Nxa6 Rbe8 50. Nb4+ Kd7
51. Ra7+ Ke6 52. Nc6 Rc8 53. Ne5 Be8 54. b7 Rc7 55. Rb6+ Rc6 56. Nxc6 Ng3 57. Ne5+ Bc6 58. Rxc6#
1-0

[Event "Me Old Dutch"]
[Site "SchemingMind.com"]
[Date "2011.10.05"]
[Round "-"]
[White "cnile"]
[Black "nammy"]
[Result "1-0"]
[WhiteCountry "SCO"]
[BlackCountry "ENG"]
[WhiteElo "1504"]
[WhiteRD "59"]
[BlackElo "932"]
[BlackRD "55"]
[GameID "294366"]

1. d4 f5 2. g3 Nc6 3. Bg2 Na5 4. Qd3 e6 5. Nf3 b6 6. Bf4 g6 7. c3 d6 8. Ng5 Nf6 9. O-O Ng4 10. h3 Nf6
11. Bxa8 Ba6 12. Qxa6 Nc6 13. Bxc6+ Nd7 14. Nd2 Qb8 15. Nxe6 Be7 16. Bh6 Rg8 17. Qb5 Kf7 18. Qd5 Nf6 19. Ng5#
1-0

[Event "Me Old Dutch"]
[Site "SchemingMind.com"]
[Date "2011.10.01"]
[Round "-"]
[White "Olli Ylönen"]
[Black "nammy"]
[Result "1-0"]
[WhiteCountry "FIN"]
[BlackCountry "ENG"]
[WhiteElo "1778"]
[WhiteRD "48"]
[BlackElo "932"]
[BlackRD "55"]
[GameID "294367"]

1. d4 f5 2. g3 e6 3. Bg2 h6 4. c4 Ne7 5. e4 g6 6. exf5 exf5 7. Nf3 d6 8. O-O c6 9. Nc3 Bd7 10. b4 Bg7
11. Re1 O-O 12. Qc2 Na6 13. a3 Bf6 14. Bxh6 Rf7 15. Ng5 Qe8 16. Nxf7 Qxf7 17. Bf4 d5 18. cxd5 cxd5 19. Rxe7 Qxe7 20. Nxd5 Qf7
21. Nxf6+ Qxf6 22. Bxb7 Rb8 23. Bxa6 Qxd4 24. Rd1 Qg7 25. Bxb8 Qf8 26. Rxd7 g5 27. Bc4+ Kh8 28. Qc3+ Qg7 29. Qxg7#
1-0

[Event "Me Old Dutch"]
[Site "SchemingMind.com"]
[Date "2011.10.01"]
[Round "-"]
[White "D O Vaughan"]
[Black "nammy"]
[Result "1-0"]
[WhiteCountry "WLS"]
[BlackCountry "ENG"]
[WhiteElo "1911"]
[WhiteRD "100"]
[BlackElo "944"]
[BlackRD "53"]
[GameID "294368"]

1. d4 f5 2. e4 g6 3. exf5 e6 4. fxg6 hxg6 5. Bd3 Ne7 6. Bg5 Rh5 7. Bxg6+ Nxg6 8. Qxh5 Kf7 9. Bxd8 Ke8 10. Bxc7 Na6
11. Qxg6+ Ke7 12. Qg5+ Ke8 13. Qd8+ Kf7 14. Be5 Bh6 15. Qf6+ Kg8 16. Qxh6 b6 17. Qg7#
1-0

[Event "Me Old Dutch"]
[Site "SchemingMind.com"]
[Date "2011.10.01"]
[Round "-"]
[White "MCMLVII"]
[Black "nammy"]
[Result "0-1"]
[WhiteCountry "ENG"]
[BlackCountry "ENG"]
[WhiteElo "1020"]
[WhiteRD "150"]
[BlackElo "932"]
[BlackRD "55"]
[GameID "294369"]

1. d4 f5 2. Bf4 Nf6 3. Nc3 d6 4. e3 h6 5. Bc4 c6 6. Nf3 Nbd7 7. O-O Nb6 8. Nh4 Nxc4 9. Qe2 Nxb2 10. Rab1 Na4
11. Ng6 Rg8 12. Nxa4 b5 13. Qh5 Nxh5
0-1